|
|
|
|
| LEADER |
00000cam a2200000 7i4500 |
| 001 |
0000014114 |
| 005 |
20080221.0 |
| 008 |
080221 |
| 020 |
|
|
|a 9831310918
|
| 090 |
0 |
0 |
|a 398.9992303
|b AHM
|
| 100 |
0 |
|
|a Ahmad bin 'Utsman Bajunid
|
| 245 |
1 |
0 |
|a Kamus peribahasa :
|b Melayu-Arab-Inggeris
|c Ahmad bin 'Utsman Bajunid
|
| 260 |
|
|
|a Kuala Lumpir :
|b Darul Fikir ,
|c 1999
|
| 650 |
|
0 |
|a Proverbs, Arabic
|
| 650 |
|
0 |
|a Proverbs, English
|
| 650 |
|
0 |
|a Proverbs, Malay
|x Dictionaries
|
| 999 |
|
|
|a 0001004942
|b Book
|c Adult Collection
|e Cawangan Mersing
|
| 999 |
|
|
|a 0001004943
|b Book
|c Adult Collection
|e Perbadanan Perpustakaan Awam Johor
|
| 999 |
|
|
|a 0001004944
|b Book
|c Adult Collection
|e Perbadanan Perpustakaan Awam Johor
|